{"text_format":"3","workbook":"xlsx","n_sheets":6,"sheets":["新2507","海立特","德优","宝霖","元广","耀达"],"not_rendered":{"defined_names":6},"read":"whole","date_system":"1900"}

{"sheet":"新2507","index":0,"n_rows":51,"n_cols":13,"rows_kept":51,"merged":[[0,0,0,12],[1,0,1,12],[2,0,2,12],[3,0,3,12],[4,0,4,12],[5,0,5,12],[6,5,6,6],[6,7,6,8],[7,5,7,6],[7,7,7,8],[8,5,8,6],[8,7,8,8],[9,5,9,6],[9,7,9,8],[10,5,10,6],[10,7,10,8],[11,0,11,3],[11,5,11,6],[11,7,11,8],[12,0,12,12],[13,0,13,12],[14,0,14,12],[15,0,15,12],[16,0,16,6],[16,7,16,12],[17,0,17,12],[18,0,18,12],[19,0,19,12],[20,0,20,12],[21,0,21,12],[22,0,22,12],[23,0,23,12],[24,0,24,12],[25,0,25,6],[25,7,25,12],[26,0,26,12],[27,0,27,12],[28,0,28,12],[29,0,29,12],[30,0,30,6],[30,7,30,12],[31,0,31,12],[32,0,32,12],[33,0,33,12],[34,0,34,12],[34,15,34,26],[35,0,35,12],[36,0,36,12],[37,0,37,12],[38,0,38,12],[39,0,39,12],[40,0,40,12],[41,0,41,12],[42,0,42,12],[43,0,43,12],[44,0,44,12],[45,0,45,12],[46,0,46,12],[47,0,47,12],[48,0,48,12],[49,0,49,3],[49,4,49,11],[50,0,50,3],[50,4,50,11]]}
["物资买卖合同"]
["买受方：福建龙溪轴承（集团）股份有限公司              合同编号：LSCGB2025-\n出卖方：                                                签订地点: 福建漳州",{"$nulls":5},""]
["                                                   签订时间：2025年  月  日"]
["    依据《中华人民共和国民法典》及有关法律法规的规定，供需双方本着自愿平等互利的原则，订立本合同。",{"$nulls":5},""]
["    一、物资名称、型号规格、数量、金额、交付时间要求"]
["    买受方根据生产需要向出卖方购买以下产品："]
["序号","产品名称","型号规格","单位","数量","单价\n\n（元）","","不含税金\n\n额（元）",null,"税额\n\n（元）","含税金额\n\n（元）","交货期限","品牌/质\n\n量要求"]
[1,"笔记本电脑","酷睿Ultra 7-155H/32GB内存/1TB固态硬盘/14.2英寸2.8K超高清分辨率OLED触控手写屏/深空灰（含电脑包、蓝牙鼠标）；二年保修期。","台",4]
[2,"笔记本电脑","酷睿Ultra 5-125H/16GB内存/1TB固态硬盘/14.2英寸2.8K超高清分辨率OLED触控手写屏/深空灰（含电脑包、蓝牙鼠标）；二年保修期。","台",1]
[3,"台式机电脑","酷睿i7-13700/显卡RTX 3050-8GB/内存16G*2/512GB固态+1TB 机械硬盘/350W电源；23.8英寸液晶显示器（同主机品牌）；三年保修期。","台",6]
[4,"台式机电脑","酷睿i5-13500/内存16GB*2/512GB固态+1TB 机械硬盘/集显；23.8英寸液晶显示器（同主机品牌）；三年保修期。","台",20]
["合计",{"$nulls":3},{"$f":"SUM(E8:E11)","v":31},null,"",{"$f":"SUM(H8:I11)","v":{"v":0,"d":"0.00"}},null,{"$f":"SUM(J8:J11)","v":{"v":0,"d":"0.00"}},{"$f":"SUM(K8:K11)","v":{"v":0,"d":"0.00"}}]
["    二、品牌和质量要求"]
["    1.出卖方交付的产品必须是买受方采购订单要求的品牌全新原装正品，特殊情况应在采购订单中明确说明。",{"$nulls":5},""]
["    2. 出卖方交付的产品质量必须符合国家或行业相关标准并满足买受方的质量要求，产品在使用过程中出现质量问题，出卖方接到质量问题反馈后应在 24 小时内协调解决，如有异议可委托第三方机构进行鉴定，鉴定费用由出卖方承担。",{"$nulls":5},""]
["    3.化学品类、石油产品类的产品，出卖方须在产品的包装上有规范的警示标识，同时\n需向买受方提供产品的物质安全技术数据表（MSDS）。",{"$nulls":5},""]
["    三、包装标准、包装物的供应与回收"]
["    1.包装材料应符合相关的环保与安全法律法规规定的要求。"]
["    2.产品包装应确保货物运输安全和完好，并符合买受方的库存存放管理要求。\n    3.包装物的供应与回收约定：              无             。"]
["    四、交货地点、方式"]
["    1.交货地点：福建省漳州市龙文区小港北路32 号福建龙溪轴承（集团）股份有限公司三厂区物资仓库，特殊情况以买受方书面通知为准。"]
["    2.经买受方签收前产品的毁损、灭失风险由出卖方承担。"]
["    五、运输方式及其费用承担"]
["    1.出卖方负责产品的运输，运费由出卖方承担。"]
["    2.石化产品、化学品、危险品等对运输车辆和从业人员有资质要求的，出卖方应提供相关运输车辆和从业人员的有效资格证书，并确保进入买受方厂区的运输车辆及从业人员遵守买受方的管理规定和要求。"]
["    六、货物验收、质量异议及解决方案"]
["    1.买受方收到产品之日起 10 个工作日内完成验收入库，经验收入库的产品在后续使用过程出现"]
["质量问题，出卖方不能免除质量问题责任。"]
["    2.出卖方交付的产品不符合质量要求的，应无条件按买受方的要求调换，否则，买受方有权拒绝接收，并向出卖方索赔损失。"]
["    3.双方对质量异议不能达成共识，可委托双方认可的第三方鉴定。"]
["    七、结算方式及期限"]
["    1.结算单价:按双方约定有效期限内的价格执行。"]
["    2.付款方式：买受方收到出卖方开具的有效发票后次月按月滚动付款，可用银行承兑汇票支付。"]
["  八、违约责任"]
["    1.出卖方未征得买受方的同意，延期交货造成买受方经济损失的，买受方有权要求出卖方赔偿因此造成的损失。每延迟一天交货，按合同或采购订单中该产品总价值的0.3%索赔损失，但赔偿总额不超过该产品总价值的 10%，延期交货超过一个月的买受方有权终止合同。"]
["    2.出卖方出售假冒伪劣产品，按该产品金额的三倍赔偿给买受方，给买受方造成损失的，需承担全部的损失。"]
["    3.因出卖方的产品质量问题给买受方造成的损失，全部损失由出卖方承担。"]
["    4.买卖双方不履行合同义务或者履行合同义务不符合约定，应承担为此造成全部损失。"]
["  九、免责"]
["    1.任何一方由于不可抗力（如：台风、地震、洪水、冰雹、疫情等自然灾害）原因不能履行合同时，应及时向对方通报不能履行或不能完全履行的理由，以减轻可能给对方造成的损失，在取得有关机构证明后，允许延期履行、部分履行或不履行合同，并根据情况可部分或全部免予承担违约责任。"]
["    2.买卖双方经协商达成其他免责协议的。"]
["  十、合同生效、合同变更与解除"]
["    本合同有效期为2025年  月  日至    年  月  日，经双方代表签字盖章确认后成立，任何一方要求变更或解除合同，应征得另一方书面同意。"]
["  十一、解决合同纠纷的方式"]
["    凡与合同有关的一切争端，双方应首先通过友好协商解决，协商不成，任何一方可以向合同签约地所在法院起诉，由此引发的诉讼费用（包括但不限于诉讼费、律师费、公证费等）由败诉方承担。"]
["  十二、廉洁责任"]
["  买卖双方均应遵守商业道德和国家法律法规廉洁从业规定。"]
["  十三、未尽事项另行约定。"]
["  十四、本合同一式两份，买卖双方各执壹份。"]
["出卖方",{"$nulls":3},"买受方"]
["名称：\n地址：\n邮编：\n代表人：\n传真：\n银行：\n帐号：\n税号：",{"$nulls":3},"名称：福建龙溪轴承(集团)股份有限公司\n地址：漳州市龙文区湖滨路1号城投碧湖城市广场1幢B1501室-B1901室\n联系地址：福建省漳州市龙文区小港北路 32 号\n邮编：363000\n代表人：\n传真：0596-2034608\n银行：工商银行漳州市龙江支行\n帐号：1409020109001034373\n税号：91350000158166297A"]

{"sheet":"海立特","index":1,"n_rows":48,"n_cols":13,"rows_kept":48,"merged":[[0,0,0,12],[1,0,1,12],[2,0,2,12],[3,0,3,12],[4,0,4,12],[5,0,5,12],[6,5,6,6],[6,7,6,8],[7,5,7,6],[7,7,7,8],[8,0,8,3],[8,5,8,6],[8,7,8,8],[9,0,9,12],[10,0,10,12],[11,0,11,12],[12,0,12,12],[13,0,13,6],[13,7,13,12],[14,0,14,12],[15,0,15,12],[16,0,16,12],[17,0,17,12],[18,0,18,12],[19,0,19,12],[20,0,20,12],[21,0,21,12],[22,0,22,6],[22,7,22,12],[23,0,23,12],[24,0,24,12],[25,0,25,12],[26,0,26,12],[27,0,27,6],[27,7,27,12],[28,0,28,12],[29,0,29,12],[30,0,30,12],[31,0,31,12],[32,0,32,12],[33,0,33,12],[34,0,34,12],[35,0,35,12],[36,0,36,12],[37,0,37,12],[38,0,38,12],[39,0,39,12],[40,0,40,12],[41,0,41,12],[42,0,42,12],[43,0,43,12],[44,0,44,12],[45,0,45,12],[46,0,46,5],[46,6,46,12],[47,0,47,5],[47,6,47,12]]}
["物资买卖合同"]
["买受方：福建龙溪轴承（集团）股份有限公司              合同编号：LSCGB2025-\n出卖方：上海海立特种制冷设备有限公司                  签订地点: 福建漳州",{"$nulls":5},""]
["                                                        签订时间：2025年05月27日"]
["    依据《中华人民共和国民法典》及有关法律法规的规定，供需双方本着自愿平等互利的原则，订立本合同。",{"$nulls":5},""]
["    一、物资名称、型号规格、数量、金额、交付时间要求"]
["    买受方根据生产需要向出卖方购买以下产品："]
["序号","产品名称","型号规格","单位","数量","单价\n\n（元）","","不含税金\n\n额（元）",null,"税额\n\n（元）","含税金额\n\n（元）","交货期限","品牌/质\n\n量要求"]
[1,"冷气机(海立特)","DL-620F","台",2,{"v":3000,"d":"3000.00"},"",{"$f":"K8/1.13","v":{"v":5309.73451327434,"d":"5309.73"}},null,{"$f":"K8-H8","v":{"v":690.265486725663,"d":"690.27"}},{"$f":"F8*E8","v":{"v":6000,"d":"6000.00"}},"2025-06-16"]
["合计",{"$nulls":3},{"$f":"SUM(E8:E8)","v":2},null,"",{"$f":"SUM(H8:I8)","v":{"v":5309.73451327434,"d":"5309.73"}},null,{"$f":"SUM(J8:J8)","v":{"v":690.265486725663,"d":"690.27"}},{"$f":"SUM(K8:K8)","v":{"v":6000,"d":"6000.00"}}]
["    二、品牌和质量要求"]
["    1.出卖方交付的产品必须是买受方采购订单要求的品牌全新原装正品，特殊情况应在采购订单中明确说明。",{"$nulls":5},""]
["    2. 出卖方交付的产品质量必须符合国家或行业相关标准并满足买受方的质量要求，产品在使用过程中出现质量问题，出卖方接到质量问题反馈后应在 24 小时内协调解决，如有异议可委托第三方机构进行鉴定，鉴定费用由出卖方承担。",{"$nulls":5},""]
["    3.化学品类、石油产品类的产品，出卖方须在产品的包装上有规范的警示标识，同时\n需向买受方提供产品的物质安全技术数据表（MSDS）。",{"$nulls":5},""]
["    三、包装标准、包装物的供应与回收"]
["    1.包装材料应符合相关的环保与安全法律法规规定的要求。"]
["    2.产品包装应确保货物运输安全和完好，并符合买受方的库存存放管理要求。\n    3.包装物的供应与回收约定：              无             。"]
["    四、交货地点、方式"]
["    1.交货地点：福建省漳州市龙文区小港北路32号福建龙溪轴承（集团）股份有限公司三厂区物资仓库，特殊情况以买受方书面通知为准。"]
["    2.经买受方签收前产品的毁损、灭失风险由出卖方承担。"]
["    五、运输方式及其费用承担"]
["    1.出卖方负责产品的运输，运费由出卖方承担。"]
["    2.石化产品、化学品、危险品等对运输车辆和从业人员有资质要求的，出卖方应提供相关运输车辆和从业人员的有效资格证书，并确保进入买受方厂区的运输车辆及从业人员遵守买受方的管理规定和要求。"]
["    六、货物验收、质量异议及解决方案"]
["    1.买受方收到产品之日起 10 个工作日内完成验收入库，经验收入库的产品在后续使用过程出现"]
["质量问题，出卖方不能免除质量问题责任。"]
["    2.出卖方交付的产品不符合质量要求的，应无条件按买受方的要求调换，否则，买受方有权拒绝接收，并向出卖方索赔损失。"]
["    3.双方对质量异议不能达成共识，可委托双方认可的第三方鉴定。"]
["    七、结算方式及期限"]
["    1.结算单价:按双方约定有效期限内的价格执行。"]
["    2.付款方式：款到发货，出卖方开具含13%增值税专用发票。"]
["  八、违约责任"]
["    1.出卖方未征得买受方的同意，延期交货造成买受方经济损失的，买受方有权要求出卖方赔偿因此造成的损失。每延迟一天交货，按合同或采购订单中该产品总价值的0.3%索赔损失，但赔偿总额不超过该产品总价值的 10%，延期交货超过一个月的买受方有权终止合同。"]
["    2.出卖方出售假冒伪劣产品，按该产品金额的三倍赔偿给买受方，给买受方造成损失的，需承担全部的损失。"]
["    3.因出卖方的产品质量问题给买受方造成的损失，全部损失由出卖方承担。"]
["    4.买卖双方不履行合同义务或者履行合同义务不符合约定，应承担为此造成全部损失。"]
["  九、免责"]
["    1.任何一方由于不可抗力（如：台风、地震、洪水、冰雹、疫情等自然灾害）原因不能履行合同时，应及时向对方通报不能履行或不能完全履行的理由，以减轻可能给对方造成的损失，在取得有关机构证明后，允许延期履行、部分履行或不履行合同，并根据情况可部分或全部免予承担违约责任。"]
["    2.买卖双方经协商达成其他免责协议的。"]
["  十、合同生效、合同变更与解除"]
["    本合同有效期为2025年05月27日至2026年05月26日，经双方代表签字盖章确认后成立，任何一方要求变更或解除合同，应征得另一方书面同意。"]
["  十一、解决合同纠纷的方式"]
["    凡与合同有关的一切争端，双方应首先通过友好协商解决，协商不成，任何一方可以向合同签约地所在法院起诉，由此引发的诉讼费用（包括但不限于诉讼费、律师费、公证费等）由败诉方承担。"]
["  十二、廉洁责任"]
["  买卖双方均应遵守商业道德和国家法律法规廉洁从业规定。"]
["  十三、未尽事项另行约定。"]
["  十四、本合同一式两份，买卖双方各执壹份。"]
["出卖方",{"$nulls":5},"买受方"]
["名称：上海海立特种制冷设备有限公司\n地址：\n邮编：\n代表人：\n传真：\n银行：\n帐号：\n税号：",{"$nulls":5},"名称：福建龙溪轴承(集团)股份有限公司\n地址：漳州市龙文区湖滨路1号城投碧湖城市广场1幢B1501室-B1901室\n联系地址：福建省漳州市龙文区小港北路 32 号\n邮编：363000\n代表人：\n传真：0596-2034608\n银行：工商银行漳州市龙江支行\n帐号：1409020109001034373\n税号：91350000158166297A"]

{"sheet":"德优","index":2,"n_rows":48,"n_cols":13,"rows_kept":48,"merged":[[0,0,0,12],[1,0,1,12],[2,0,2,12],[3,0,3,12],[4,0,4,12],[5,0,5,12],[6,5,6,6],[6,7,6,8],[7,5,7,6],[7,7,7,8],[8,0,8,3],[8,5,8,6],[8,7,8,8],[9,0,9,12],[10,0,10,12],[11,0,11,12],[12,0,12,12],[13,0,13,6],[13,7,13,12],[14,0,14,12],[15,0,15,12],[16,0,16,12],[17,0,17,12],[18,0,18,12],[19,0,19,12],[20,0,20,12],[21,0,21,12],[22,0,22,6],[22,7,22,12],[23,0,23,12],[24,0,24,12],[25,0,25,12],[26,0,26,12],[27,0,27,6],[27,7,27,12],[28,0,28,12],[29,0,29,12],[30,0,30,12],[31,0,31,12],[32,0,32,12],[33,0,33,12],[34,0,34,12],[35,0,35,12],[36,0,36,12],[37,0,37,12],[38,0,38,12],[39,0,39,12],[40,0,40,12],[41,0,41,12],[42,0,42,12],[43,0,43,12],[44,0,44,12],[45,0,45,12],[46,0,46,5],[46,6,46,12],[47,0,47,5],[47,6,47,12]]}
["物资买卖合同"]
["买受方：福建龙溪轴承（集团）股份有限公司              合同编号：LSCGB2025-1262\n出卖方：厦门德优仓储设备有限公司                      签订地点: 福建漳州",{"$nulls":5},""]
["                                                        签订时间：2025年06月10日"]
["    依据《中华人民共和国民法典》及有关法律法规的规定，供需双方本着自愿平等互利的原则，订立本合同。",{"$nulls":5},""]
["    一、物资名称、型号规格、数量、金额、交付时间要求"]
["    买受方根据生产需要向出卖方购买以下产品："]
["序号","产品名称","型号规格","单位","数量","单价\n\n（元）","","不含税金\n\n额（元）",null,"税额\n\n（元）","含税金额\n\n（元）","交货期限","品牌/质\n\n量要求"]
[1,"金属料箱","850mm*650mm*700mm/承重1000kg（不带排水龙头）","个",50,{"v":350.3,"d":"350.30"},null,{"$f":"K8/1.13","v":{"v":15500,"d":"15500.00"}},null,{"$f":"K8-H8","v":{"v":2015,"d":"2015.00"}},{"$f":"F8*E8","v":{"v":17515,"d":"17515.00"}},"2025-06-26","箱体内部不油漆，外部需油漆，油漆颜色蓝色。不开门一侧用红色油漆喷涂“特品”。"]
["合计",{"$nulls":3},{"$f":"SUM(E8:E8)","v":50},null,"",{"$f":"SUM(H8:I8)","v":{"v":15500,"d":"15500.00"}},null,{"$f":"SUM(J8:J8)","v":{"v":2015,"d":"2015.00"}},{"$f":"SUM(K8:K8)","v":{"v":17515,"d":"17515.00"}}]
["    二、品牌和质量要求"]
["    1.出卖方交付的产品必须是买受方采购订单要求的品牌全新原装正品，特殊情况应在采购订单中明确说明。",{"$nulls":5},""]
["    2. 出卖方交付的产品质量必须符合国家或行业相关标准并满足买受方的质量要求，产品在使用过程中出现质量问题，出卖方接到质量问题反馈后应在 24 小时内协调解决，如有异议可委托第三方机构进行鉴定，鉴定费用由出卖方承担。",{"$nulls":5},""]
["    3.化学品类、石油产品类的产品，出卖方须在产品的包装上有规范的警示标识，同时\n需向买受方提供产品的物质安全技术数据表（MSDS）。",{"$nulls":5},""]
["    三、包装标准、包装物的供应与回收"]
["    1.包装材料应符合相关的环保与安全法律法规规定的要求。"]
["    2.产品包装应确保货物运输安全和完好，并符合买受方的库存存放管理要求。\n    3.包装物的供应与回收约定：              无             。"]
["    四、交货地点、方式"]
["    1.交货地点：福建省漳州市龙文区小港北路32号福建龙溪轴承（集团）股份有限公司三厂区物资仓库，特殊情况以买受方书面通知为准。"]
["    2.经买受方签收前产品的毁损、灭失风险由出卖方承担。"]
["    五、运输方式及其费用承担"]
["    1.出卖方负责产品的运输，运费由出卖方承担。"]
["    2.石化产品、化学品、危险品等对运输车辆和从业人员有资质要求的，出卖方应提供相关运输车辆和从业人员的有效资格证书，并确保进入买受方厂区的运输车辆及从业人员遵守买受方的管理规定和要求。"]
["    六、货物验收、质量异议及解决方案"]
["    1.买受方收到产品之日起 10 个工作日内完成验收入库，经验收入库的产品在后续使用过程出现"]
["质量问题，出卖方不能免除质量问题责任。"]
["    2.出卖方交付的产品不符合质量要求的，应无条件按买受方的要求调换，否则，买受方有权拒绝接收，并向出卖方索赔损失。"]
["    3.双方对质量异议不能达成共识，可委托双方认可的第三方鉴定。"]
["    七、结算方式及期限"]
["    1.结算单价:按双方约定有效期限内的价格执行。"]
["    2.付款方式：货到票到次月付款，出卖方开具含13%增值税专用发票。"]
["  八、违约责任"]
["    1.出卖方未征得买受方的同意，延期交货造成买受方经济损失的，买受方有权要求出卖方赔偿因此造成的损失。每延迟一天交货，按合同或采购订单中该产品总价值的0.3%索赔损失，但赔偿总额不超过该产品总价值的 10%，延期交货超过一个月的买受方有权终止合同。"]
["    2.出卖方出售假冒伪劣产品，按该产品金额的三倍赔偿给买受方，给买受方造成损失的，需承担全部的损失。"]
["    3.因出卖方的产品质量问题给买受方造成的损失，全部损失由出卖方承担。"]
["    4.买卖双方不履行合同义务或者履行合同义务不符合约定，应承担为此造成全部损失。"]
["  九、免责"]
["    1.任何一方由于不可抗力（如：台风、地震、洪水、冰雹、疫情等自然灾害）原因不能履行合同时，应及时向对方通报不能履行或不能完全履行的理由，以减轻可能给对方造成的损失，在取得有关机构证明后，允许延期履行、部分履行或不履行合同，并根据情况可部分或全部免予承担违约责任。"]
["    2.买卖双方经协商达成其他免责协议的。"]
["  十、合同生效、合同变更与解除"]
["    本合同有效期为2025年06月10日至2026年06月09日，经双方代表签字盖章确认后成立，任何一方要求变更或解除合同，应征得另一方书面同意。"]
["  十一、解决合同纠纷的方式"]
["    凡与合同有关的一切争端，双方应首先通过友好协商解决，协商不成，任何一方可以向合同签约地所在法院起诉，由此引发的诉讼费用（包括但不限于诉讼费、律师费、公证费等）由败诉方承担。"]
["  十二、廉洁责任"]
["  买卖双方均应遵守商业道德和国家法律法规廉洁从业规定。"]
["  十三、未尽事项另行约定。"]
["  十四、本合同一式两份，买卖双方各执壹份。"]
["出卖方",{"$nulls":5},"买受方"]
["名称：厦门德优仓储设备有限公司\n地址：\n邮编：\n代表人：\n传真：\n银行：\n帐号：\n税号：",{"$nulls":5},"名称：福建龙溪轴承(集团)股份有限公司\n地址：漳州市龙文区湖滨路1号城投碧湖城市广场1幢B1501室-B1901室\n联系地址：福建省漳州市龙文区小港北路 32 号\n邮编：363000\n代表人：\n传真：0596-2034608\n银行：工商银行漳州市龙江支行\n帐号：1409020109001034373\n税号：91350000158166297A"]

{"sheet":"宝霖","index":3,"n_rows":48,"n_cols":13,"rows_kept":48,"merged":[[0,0,0,12],[1,0,1,12],[2,0,2,12],[3,0,3,12],[4,0,4,12],[5,0,5,12],[6,5,6,6],[6,7,6,8],[7,5,7,6],[7,7,7,8],[8,0,8,3],[8,5,8,6],[8,7,8,8],[9,0,9,12],[10,0,10,12],[11,0,11,12],[12,0,12,12],[13,0,13,6],[13,7,13,12],[14,0,14,12],[15,0,15,12],[16,0,16,12],[17,0,17,12],[18,0,18,12],[19,0,19,12],[20,0,20,12],[21,0,21,12],[22,0,22,6],[22,7,22,12],[23,0,23,12],[24,0,24,12],[25,0,25,12],[26,0,26,12],[27,0,27,6],[27,7,27,12],[28,0,28,12],[29,0,29,12],[30,0,30,12],[31,0,31,12],[32,0,32,12],[33,0,33,12],[34,0,34,12],[35,0,35,12],[36,0,36,12],[37,0,37,12],[38,0,38,12],[39,0,39,12],[40,0,40,12],[41,0,41,12],[42,0,42,12],[43,0,43,12],[44,0,44,12],[45,0,45,12],[46,0,46,5],[46,6,46,12],[47,0,47,5],[47,6,47,12]]}
["物资买卖合同"]
["买受方：福建龙溪轴承（集团）股份有限公司              合同编号：LSCGB2025-\n出卖方：漳州市宝霖办公设备有限公司                    签订地点: 福建漳州",{"$nulls":5},""]
["                                                        签订时间：2025年06月18日"]
["    依据《中华人民共和国民法典》及有关法律法规的规定，供需双方本着自愿平等互利的原则，订立本合同。",{"$nulls":5},""]
["    一、物资名称、型号规格、数量、金额、交付时间要求"]
["    买受方根据生产需要向出卖方购买以下产品："]
["序号","产品名称","型号规格","单位","数量","单价\n\n（元）","","不含税金\n\n额（元）",null,"税额\n\n（元）","含税金额\n\n（元）","交货期限","品牌/质\n\n量要求"]
[1,"多层重型工具柜","50*100*180cm(6层/灰白色/单层200kg)","个",11,{"v":1300,"d":"1300.00"},null,{"$f":"K8/1.13","v":{"v":12654.8672566372,"d":"12654.87"}},null,{"$f":"K8-H8","v":{"v":1645.13274336283,"d":"1645.13"}},{"$f":"F8*E8","v":{"v":14300,"d":"14300.00"}},"2025-06-27","板材：厚度1.0mm"]
["合计",{"$nulls":3},{"$f":"SUM(E8:E8)","v":11},null,"",{"$f":"SUM(H8:I8)","v":{"v":12654.8672566372,"d":"12654.87"}},null,{"$f":"SUM(J8:J8)","v":{"v":1645.13274336283,"d":"1645.13"}},{"$f":"SUM(K8:K8)","v":{"v":14300,"d":"14300.00"}}]
["    二、品牌和质量要求"]
["    1.出卖方交付的产品必须是买受方采购订单要求的品牌全新原装正品，特殊情况应在采购订单中明确说明。",{"$nulls":5},""]
["    2. 出卖方交付的产品质量必须符合国家或行业相关标准并满足买受方的质量要求，产品在使用过程中出现质量问题，出卖方接到质量问题反馈后应在 24 小时内协调解决，如有异议可委托第三方机构进行鉴定，鉴定费用由出卖方承担。",{"$nulls":5},""]
["    3.化学品类、石油产品类的产品，出卖方须在产品的包装上有规范的警示标识，同时\n需向买受方提供产品的物质安全技术数据表（MSDS）。",{"$nulls":5},""]
["    三、包装标准、包装物的供应与回收"]
["    1.包装材料应符合相关的环保与安全法律法规规定的要求。"]
["    2.产品包装应确保货物运输安全和完好，并符合买受方的库存存放管理要求。\n    3.包装物的供应与回收约定：              无             。"]
["    四、交货地点、方式"]
["    1.交货地点：福建省漳州市龙文区小港北路32号福建龙溪轴承（集团）股份有限公司三厂区物资仓库，特殊情况以买受方书面通知为准。"]
["    2.经买受方签收前产品的毁损、灭失风险由出卖方承担。"]
["    五、运输方式及其费用承担"]
["    1.出卖方负责产品的运输，运费由出卖方承担。"]
["    2.石化产品、化学品、危险品等对运输车辆和从业人员有资质要求的，出卖方应提供相关运输车辆和从业人员的有效资格证书，并确保进入买受方厂区的运输车辆及从业人员遵守买受方的管理规定和要求。"]
["    六、货物验收、质量异议及解决方案"]
["    1.买受方收到产品之日起 10 个工作日内完成验收入库，经验收入库的产品在后续使用过程出现"]
["质量问题，出卖方不能免除质量问题责任。"]
["    2.出卖方交付的产品不符合质量要求的，应无条件按买受方的要求调换，否则，买受方有权拒绝接收，并向出卖方索赔损失。"]
["    3.双方对质量异议不能达成共识，可委托双方认可的第三方鉴定。"]
["    七、结算方式及期限"]
["    1.结算单价:按双方约定有效期限内的价格执行。"]
["    2.付款方式：货到票到次月付款，出卖方开具含13%增值税专用发票。"]
["  八、违约责任"]
["    1.出卖方未征得买受方的同意，延期交货造成买受方经济损失的，买受方有权要求出卖方赔偿因此造成的损失。每延迟一天交货，按合同或采购订单中该产品总价值的0.3%索赔损失，但赔偿总额不超过该产品总价值的 10%，延期交货超过一个月的买受方有权终止合同。"]
["    2.出卖方出售假冒伪劣产品，按该产品金额的三倍赔偿给买受方，给买受方造成损失的，需承担全部的损失。"]
["    3.因出卖方的产品质量问题给买受方造成的损失，全部损失由出卖方承担。"]
["    4.买卖双方不履行合同义务或者履行合同义务不符合约定，应承担为此造成全部损失。"]
["  九、免责"]
["    1.任何一方由于不可抗力（如：台风、地震、洪水、冰雹、疫情等自然灾害）原因不能履行合同时，应及时向对方通报不能履行或不能完全履行的理由，以减轻可能给对方造成的损失，在取得有关机构证明后，允许延期履行、部分履行或不履行合同，并根据情况可部分或全部免予承担违约责任。"]
["    2.买卖双方经协商达成其他免责协议的。"]
["  十、合同生效、合同变更与解除"]
["    本合同有效期为2025年06月10日至2026年06月09日，经双方代表签字盖章确认后成立，任何一方要求变更或解除合同，应征得另一方书面同意。"]
["  十一、解决合同纠纷的方式"]
["    凡与合同有关的一切争端，双方应首先通过友好协商解决，协商不成，任何一方可以向合同签约地所在法院起诉，由此引发的诉讼费用（包括但不限于诉讼费、律师费、公证费等）由败诉方承担。"]
["  十二、廉洁责任"]
["  买卖双方均应遵守商业道德和国家法律法规廉洁从业规定。"]
["  十三、未尽事项另行约定。"]
["  十四、本合同一式两份，买卖双方各执壹份。"]
["出卖方",{"$nulls":5},"买受方"]
["名称：漳州市宝霖办公设备有限公司\n地址：\n邮编：\n代表人：\n传真：\n银行：\n帐号：\n税号：",{"$nulls":5},"名称：福建龙溪轴承(集团)股份有限公司\n地址：漳州市龙文区湖滨路1号城投碧湖城市广场1幢B1501室-B1901室\n联系地址：福建省漳州市龙文区小港北路 32 号\n邮编：363000\n代表人：\n传真：0596-2034608\n银行：工商银行漳州市龙江支行\n帐号：1409020109001034373\n税号：91350000158166297A"]

{"sheet":"元广","index":4,"n_rows":48,"n_cols":13,"rows_kept":48,"merged":[[0,0,0,12],[1,0,1,12],[2,0,2,12],[3,0,3,12],[4,0,4,12],[5,0,5,12],[6,5,6,6],[6,7,6,8],[7,5,7,6],[7,7,7,8],[8,0,8,3],[8,5,8,6],[8,7,8,8],[9,0,9,12],[10,0,10,12],[11,0,11,12],[12,0,12,12],[13,0,13,6],[13,7,13,12],[14,0,14,12],[15,0,15,12],[16,0,16,12],[17,0,17,12],[18,0,18,12],[19,0,19,12],[20,0,20,12],[21,0,21,12],[22,0,22,6],[22,7,22,12],[23,0,23,12],[24,0,24,12],[25,0,25,12],[26,0,26,12],[27,0,27,6],[27,7,27,12],[28,0,28,12],[29,0,29,12],[30,0,30,12],[31,0,31,12],[32,0,32,12],[33,0,33,12],[34,0,34,12],[35,0,35,12],[36,0,36,12],[37,0,37,12],[38,0,38,12],[39,0,39,12],[40,0,40,12],[41,0,41,12],[42,0,42,12],[43,0,43,12],[44,0,44,12],[45,0,45,12],[46,0,46,5],[46,6,46,12],[47,0,47,5],[47,6,47,12]]}
["物资买卖合同"]
["买受方：福建龙溪轴承（集团）股份有限公司              合同编号：LSCGB2025-\n出卖方：福建省元广建设工程有限公司                    签订地点: 福建漳州",{"$nulls":5},""]
["                                                        签订时间：2025年06月18日"]
["    依据《中华人民共和国民法典》及有关法律法规的规定，供需双方本着自愿平等互利的原则，订立本合同。",{"$nulls":5},""]
["    一、物资名称、型号规格、数量、金额、交付时间要求"]
["    买受方根据生产需要向出卖方购买以下产品："]
["序号","产品名称","型号规格","单位","数量","单价\n\n（元）","","不含税金\n\n额（元）",null,"税额\n\n（元）","含税金额\n\n（元）","交货期限","品牌/质\n\n量要求"]
[1,"立式空调","5匹（含4米铜管）","个",1,{"v":6328,"d":"6328.00"},null,{"$f":"K8/1.13","v":{"v":5600,"d":"5600.00"}},null,{"$f":"K8-H8","v":{"v":727.999999999999,"d":"728.00"}},{"$f":"F8*E8","v":{"v":6328,"d":"6328.00"}},"2025-06-26","美的品牌（小天鹅系列）"]
["合计",{"$nulls":3},{"$f":"SUM(E8:E8)","v":1},null,"",{"$f":"SUM(H8:I8)","v":{"v":5600,"d":"5600.00"}},null,{"$f":"SUM(J8:J8)","v":{"v":727.999999999999,"d":"728.00"}},{"$f":"SUM(K8:K8)","v":{"v":6328,"d":"6328.00"}}]
["    二、品牌和质量要求"]
["    1.出卖方交付的产品必须是买受方采购订单要求的品牌全新原装正品，特殊情况应在采购订单中明确说明，质保期六年。。",{"$nulls":5},""]
["    2. 出卖方交付的产品质量必须符合国家或行业相关标准并满足买受方的质量要求，产品在使用过程中出现质量问题，出卖方接到质量问题反馈后应在 24 小时内协调解决，如有异议可委托第三方机构进行鉴定，鉴定费用由出卖方承担。",{"$nulls":5},""]
["    3.化学品类、石油产品类的产品，出卖方须在产品的包装上有规范的警示标识，同时\n需向买受方提供产品的物质安全技术数据表（MSDS）。",{"$nulls":5},""]
["    三、包装标准、包装物的供应与回收"]
["    1.包装材料应符合相关的环保与安全法律法规规定的要求。"]
["    2.产品包装应确保货物运输安全和完好，并符合买受方的库存存放管理要求。\n    3.包装物的供应与回收约定：              无             。"]
["    四、交货地点、方式"]
["    1.交货地点：福建省漳州市龙文区小港北路32号福建龙溪轴承（集团）股份有限公司三厂区物资仓库，特殊情况以买受方书面通知为准。"]
["    2.经买受方签收前产品的毁损、灭失风险由出卖方承担。"]
["    五、运输方式及其费用承担"]
["    1.出卖方负责产品的运输，运费由出卖方承担。"]
["    2.石化产品、化学品、危险品等对运输车辆和从业人员有资质要求的，出卖方应提供相关运输车辆和从业人员的有效资格证书，并确保进入买受方厂区的运输车辆及从业人员遵守买受方的管理规定和要求。"]
["    六、货物验收、质量异议及解决方案"]
["    1.买受方收到产品之日起 10 个工作日内完成验收入库，经验收入库的产品在后续使用过程出现"]
["质量问题，出卖方不能免除质量问题责任。"]
["    2.出卖方交付的产品不符合质量要求的，应无条件按买受方的要求调换，否则，买受方有权拒绝接收，并向出卖方索赔损失。"]
["    3.双方对质量异议不能达成共识，可委托双方认可的第三方鉴定。"]
["    七、结算方式及期限"]
["    1.结算单价:按双方约定有效期限内的价格执行。"]
["    2.付款方式：货到票到次月付款，出卖方开具含13%增值税专用发票。"]
["  八、违约责任"]
["    1.出卖方未征得买受方的同意，延期交货造成买受方经济损失的，买受方有权要求出卖方赔偿因此造成的损失。每延迟一天交货，按合同或采购订单中该产品总价值的0.3%索赔损失，但赔偿总额不超过该产品总价值的 10%，延期交货超过一个月的买受方有权终止合同。"]
["    2.出卖方出售假冒伪劣产品，按该产品金额的三倍赔偿给买受方，给买受方造成损失的，需承担全部的损失。"]
["    3.因出卖方的产品质量问题给买受方造成的损失，全部损失由出卖方承担。"]
["    4.买卖双方不履行合同义务或者履行合同义务不符合约定，应承担为此造成全部损失。"]
["  九、免责"]
["    1.任何一方由于不可抗力（如：台风、地震、洪水、冰雹、疫情等自然灾害）原因不能履行合同时，应及时向对方通报不能履行或不能完全履行的理由，以减轻可能给对方造成的损失，在取得有关机构证明后，允许延期履行、部分履行或不履行合同，并根据情况可部分或全部免予承担违约责任。"]
["    2.买卖双方经协商达成其他免责协议的。"]
["  十、合同生效、合同变更与解除"]
["    本合同有效期为2025年06月18日至2026年06月17日，经双方代表签字盖章确认后成立，任何一方要求变更或解除合同，应征得另一方书面同意。"]
["  十一、解决合同纠纷的方式"]
["    凡与合同有关的一切争端，双方应首先通过友好协商解决，协商不成，任何一方可以向合同签约地所在法院起诉，由此引发的诉讼费用（包括但不限于诉讼费、律师费、公证费等）由败诉方承担。"]
["  十二、廉洁责任"]
["  买卖双方均应遵守商业道德和国家法律法规廉洁从业规定。"]
["  十三、未尽事项另行约定。"]
["  十四、本合同一式两份，买卖双方各执壹份。"]
["出卖方",{"$nulls":5},"买受方"]
["名称：福建省元广建设工程有限公司\n地址：\n邮编：\n代表人：\n传真：\n银行：\n帐号：\n税号：",{"$nulls":5},"名称：福建龙溪轴承(集团)股份有限公司\n地址：漳州市龙文区湖滨路1号城投碧湖城市广场1幢B1501室-B1901室\n联系地址：福建省漳州市龙文区小港北路 32 号\n邮编：363000\n代表人：\n传真：0596-2034608\n银行：工商银行漳州市龙江支行\n帐号：1409020109001034373\n税号：91350000158166297A"]

{"sheet":"耀达","index":5,"n_rows":54,"n_cols":13,"rows_kept":54,"merged":[[0,0,0,12],[1,0,1,12],[2,0,2,12],[3,0,3,12],[4,0,4,12],[5,0,5,12],[6,5,6,6],[6,7,6,8],[7,5,7,6],[7,7,7,8],[8,5,8,6],[8,7,8,8],[9,5,9,6],[9,7,9,8],[10,5,10,6],[10,7,10,8],[11,5,11,6],[11,7,11,8],[12,5,12,6],[12,7,12,8],[13,5,13,6],[13,7,13,8],[14,0,14,3],[14,5,14,6],[14,7,14,8],[15,0,15,12],[16,0,16,12],[17,0,17,12],[18,0,18,12],[19,0,19,6],[19,7,19,12],[20,0,20,12],[21,0,21,12],[22,0,22,12],[23,0,23,12],[24,0,24,12],[25,0,25,12],[26,0,26,12],[27,0,27,12],[28,0,28,6],[28,7,28,12],[29,0,29,12],[30,0,30,12],[31,0,31,12],[32,0,32,12],[33,0,33,6],[33,7,33,12],[34,0,34,12],[35,0,35,12],[36,0,36,12],[37,0,37,12],[38,0,38,12],[39,0,39,12],[40,0,40,12],[41,0,41,12],[42,0,42,12],[43,0,43,12],[44,0,44,12],[45,0,45,12],[46,0,46,12],[47,0,47,12],[48,0,48,12],[49,0,49,12],[50,0,50,12],[51,0,51,12],[52,0,52,5],[52,6,52,12],[53,0,53,5],[53,6,53,12]]}
["物资买卖合同"]
["买受方：福建龙溪轴承（集团）股份有限公司              合同编号：LSCGB2025-\n出卖方：龙海市耀达家具有限公司                        签订地点: 福建漳州",{"$nulls":5},""]
["                                                        签订时间：2025年07月4日"]
["    依据《中华人民共和国民法典》及有关法律法规的规定，供需双方本着自愿平等互利的原则，订立本合同。",{"$nulls":5},""]
["    一、物资名称、型号规格、数量、金额、交付时间要求"]
["    买受方根据生产需要向出卖方购买以下产品："]
["序号","产品名称","型号规格","单位","数量","单价\n\n（元）","","不含税金\n\n额（元）",null,"税额\n\n（元）","含税金额\n\n（元）","交货期限","品牌/质\n\n量要求"]
[1,"会议桌","4200*1500*750mm","张",1,{"v":5450,"d":"5450.00"},null,{"$f":"K8/1.13","v":{"v":4823.00884955752,"d":"4823.01"}},null,{"$f":"K8-H8","v":{"v":626.991150442477,"d":"626.99"}},{"$f":"F8*E8","v":{"v":5450,"d":"5450.00"}},"2025-07-25"]
[2,"会议桌","2400*1200*750mm","张",1,{"v":1080,"d":"1080.00"},null,{"v":955.752212389381,"d":"955.75"},null,{"v":124.247787610619,"d":"124.25"},{"v":1080,"d":"1080.00"},"2025-07-25"]
[3,"会议椅","/","张",14,{"v":880,"d":"880.00"},null,{"v":10902.6548672566,"d":"10902.65"},null,{"v":1417.34513274336,"d":"1417.35"},{"v":12320,"d":"12320.00"},"2025-07-25"]
[4,"圆形会客桌","φ1000mm","张",3,{"v":1680,"d":"1680.00"},null,{"v":4460.17699115044,"d":"4460.18"},null,{"v":579.823008849557,"d":"579.82"},{"v":5040,"d":"5040.00"},"2025-07-25"]
[5,"会客椅","/","张",12,{"v":279,"d":"279.00"},null,{"v":2962.83185840708,"d":"2962.83"},null,{"v":385.16814159292,"d":"385.17"},{"v":3348,"d":"3348.00"},"2025-07-25"]
[6,"办公椅","/","张",64,{"v":189,"d":"189.00"},null,{"v":10704.4247787611,"d":"10704.42"},null,{"v":1391.57522123894,"d":"1391.58"},{"v":12096,"d":"12096.00"},"2025-07-25"]
[7,"会议桌","1200*800*750mm","张",3,{"v":568,"d":"568.00"},null,{"v":1507.96460176991,"d":"1507.96"},null,{"v":196.035398230088,"d":"196.04"},{"v":1704,"d":"1704.00"},"2025-07-25"]
["合计",{"$nulls":3},{"$f":"SUM(E8:E14)","v":98},null,"",{"$f":"SUM(H8:I14)","v":{"v":36316.814159292,"d":"36316.81"}},null,{"$f":"SUM(J8:J14)","v":{"v":4721.18584070796,"d":"4721.19"}},{"$f":"SUM(K8:K14)","v":{"v":41038,"d":"41038.00"}}]
["    二、品牌和质量要求"]
["    1.出卖方交付的产品必须是买受方采购订单要求的品牌全新原装正品，特殊情况应在采购订单中明确说明。",{"$nulls":5},""]
["    2. 出卖方交付的产品质量必须符合国家或行业相关标准并满足买受方的质量要求，产品在使用过程中出现质量问题，出卖方接到质量问题反馈后应在 24 小时内协调解决，如有异议可委托第三方机构进行鉴定，鉴定费用由出卖方承担。",{"$nulls":5},""]
["    3.化学品类、石油产品类的产品，出卖方须在产品的包装上有规范的警示标识，同时\n需向买受方提供产品的物质安全技术数据表（MSDS）。",{"$nulls":5},""]
["    三、包装标准、包装物的供应与回收"]
["    1.包装材料应符合相关的环保与安全法律法规规定的要求。"]
["    2.产品包装应确保货物运输安全和完好，并符合买受方的库存存放管理要求。\n    3.包装物的供应与回收约定：              无             。"]
["    四、交货地点、方式"]
["    1.交货地点：福建省漳州市龙文区小港北路32号福建龙溪轴承（集团）股份有限公司三厂区物资仓库，特殊情况以买受方书面通知为准。"]
["    2.经买受方签收前产品的毁损、灭失风险由出卖方承担。"]
["    五、运输方式及其费用承担"]
["    1.出卖方负责产品的运输，运费由出卖方承担。"]
["    2.石化产品、化学品、危险品等对运输车辆和从业人员有资质要求的，出卖方应提供相关运输车辆和从业人员的有效资格证书，并确保进入买受方厂区的运输车辆及从业人员遵守买受方的管理规定和要求。"]
["    六、货物验收、质量异议及解决方案"]
["    1.买受方收到产品之日起 10 个工作日内完成验收入库，经验收入库的产品在后续使用过程出现"]
["质量问题，出卖方不能免除质量问题责任。"]
["    2.出卖方交付的产品不符合质量要求的，应无条件按买受方的要求调换，否则，买受方有权拒绝接收，并向出卖方索赔损失。"]
["    3.双方对质量异议不能达成共识，可委托双方认可的第三方鉴定。"]
["    七、结算方式及期限"]
["    1.结算单价:按双方约定有效期限内的价格执行。"]
["    2.付款方式：货到票到次月付款，出卖方开具含13%增值税专用发票。"]
["  八、违约责任"]
["    1.出卖方未征得买受方的同意，延期交货造成买受方经济损失的，买受方有权要求出卖方赔偿因此造成的损失。每延迟一天交货，按合同或采购订单中该产品总价值的0.3%索赔损失，但赔偿总额不超过该产品总价值的 10%，延期交货超过一个月的买受方有权终止合同。"]
["    2.出卖方出售假冒伪劣产品，按该产品金额的三倍赔偿给买受方，给买受方造成损失的，需承担全部的损失。"]
["    3.因出卖方的产品质量问题给买受方造成的损失，全部损失由出卖方承担。"]
["    4.买卖双方不履行合同义务或者履行合同义务不符合约定，应承担为此造成全部损失。"]
["  九、免责"]
["    1.任何一方由于不可抗力（如：台风、地震、洪水、冰雹、疫情等自然灾害）原因不能履行合同时，应及时向对方通报不能履行或不能完全履行的理由，以减轻可能给对方造成的损失，在取得有关机构证明后，允许延期履行、部分履行或不履行合同，并根据情况可部分或全部免予承担违约责任。"]
["    2.买卖双方经协商达成其他免责协议的。"]
["  十、合同生效、合同变更与解除"]
["    本合同有效期为2025年07月04日至2026年07月03日，经双方代表签字盖章确认后成立，任何一方要求变更或解除合同，应征得另一方书面同意。"]
["  十一、解决合同纠纷的方式"]
["    凡与合同有关的一切争端，双方应首先通过友好协商解决，协商不成，任何一方可以向合同签约地所在法院起诉，由此引发的诉讼费用（包括但不限于诉讼费、律师费、公证费等）由败诉方承担。"]
["  十二、廉洁责任"]
["  买卖双方均应遵守商业道德和国家法律法规廉洁从业规定。"]
["  十三、未尽事项另行约定。"]
["  十四、本合同一式两份，买卖双方各执壹份（扫描件、复印件具有同等法律效应）。"]
["出卖方",{"$nulls":5},"买受方"]
["名称：龙海市耀达家具有限公司\n地址：\n邮编：\n代表人：\n传真：\n银行：\n帐号：\n税号：",{"$nulls":5},"名称：福建龙溪轴承(集团)股份有限公司\n地址：漳州市龙文区湖滨路1号城投碧湖城市广场1幢B1501室-B1901室\n联系地址：福建省漳州市龙文区小港北路 32 号\n邮编：363000\n代表人：\n传真：0596-2034608\n银行：工商银行漳州市龙江支行\n帐号：1409020109001034373\n税号：91350000158166297A"]